Natural rubber latex concentrate-Determination of alkalinity (Record no. 73995)

MARC details
000 -LEADER
fixed length control field 00442nam a2200145Ia 4500
245 #0 - TITLE STATEMENT
Title Natural rubber latex concentrate-Determination of alkalinity
260 ## - PUBLICATION, DISTRIBUTION, ETC. (IMPRINT)
Place of publication Switzerland
260 ## - PUBLICATION, DISTRIBUTION, ETC. (IMPRINT)
Year of publication 2011
Name of publisher International Organization for Standardization
490 ## - SERIES STATEMENT
Series statement ISO
500 ## - GENERAL NOTE
General note Standard number: ISO 125 Ed 6
650 ## - SUBJECT ADDED ENTRY--TOPICAL TERM
Topical Term Alkalinity determination
650 ## - SUBJECT ADDED ENTRY--TOPICAL TERM
Topical Term Latex concentrate
942 ## - ADDED ENTRY ELEMENTS (KOHA)
Koha item type Standards
Holdings
Withdrawn status Lost status Damaged status Not for loan Home library Current library Date acquired Koha item type
      Standards RRII Library RRII Library 31/12/2021 Standards